000 00758nam a22002297a 4500
005 20250908142847.0
008 250908b |||||||| |||| 00| 0 eng d
037 _cTB
040 _aCRL
_cCRL
041 _2URD
_aURD
084 _aO168,1L83:g 152L2;Q9
_bCRL
100 _aLucknowi, Nawab Mirza Shauqe
_9820286
245 _aMasnavi Zehar-e-ishq
260 _aDelhi, India:
_bArshia Publications
_c2019.
300 _a190p.
365 _b300.00
_cINR
650 _aUrdu Literature
_9820287
650 _aUrdu Poetry
_9820288
700 _aThakur, Arshad Ali
_eEditor
_9820289
942 _2CC
_cTB
_hO168,1L83:g 152L2;Q9
_n0
999 _c1435229
_d1435229